00538nam a2200181 a 45000010010000000030011000100080041000210350026000620820014000881000018001022450034001202600052001546500013002069420012002199520090002319980020003219990015003410000-8765ELIB.Books110520 1958  a(ELIB.Books)0000-8911 a230 bJac aJacob, Edmond aTheology of the Old Testament bNew York: Harper and Brothers Publishers c1958 aTheology 2ddccBK 00102ddc4070aKBTSbKBTSd2011-05-20l0p7739r2022-01-22 00:00:00w2022-01-22yBK cbate2011-05-20 c8765d8765